| 000 | 00574nam a2200181 i 4500 | ||
|---|---|---|---|
| 001 | 58623 | ||
| 003 | ES-MaACL | ||
| 005 | 20230906163841.0 | ||
| 007 | t| | ||
| 008 | 031023s1964 sp ||||1| spa d | ||
| 100 | 1 |
_aEbeling, E. _946463 |
|
| 245 | 1 | 0 |
_aSexaje de pollitos de un día por el método japonés / _cE. Ebeling y H. Brandsch ; traducción de Marisol Sacristán. |
| 260 |
_aZaragoza : _bAcribia, _c[1964] |
||
| 300 |
_a78 p. : _bil. ; _c22 cm. |
||
| 700 | 1 |
_aBransch, H. _931365 |
|
| 700 | 1 |
_aSacristán, Marisol. _9101270 |
|
| 852 |
_aES-MaACL _jC-26765 _bR.55999 |
||
| 999 |
_c58623 _d58623 |
||